| 000 | 01150nam a2200241Ia 4500 | ||
|---|---|---|---|
| 003 | Ost | ||
| 005 | 20260507075334.0 | ||
| 008 | 260507s9999||||xx |||||||||||||| ||und|| | ||
| 020 | _a9789957504588 | ||
| 040 | _cfsecg | ||
| 041 | _aara | ||
| 082 | _a330 | ||
| 100 |
_aالعواملة، نائل عبد الحافظ _eمؤلف |
||
| 245 | 0 |
_aإدراة التنمية : _bالأسس ، النظريات ، التطبيقات العملية / _c نائل عبد الحافظ العواملة |
|
| 260 |
_aعمان: _bدار زهران, _c2010 |
||
| 300 |
_a210 صفحة؛ _c24 سم |
||
| 504 | _aملحق ص.189 ؛ مراجع ص.203 | ||
| 520 | _aمفهوم ادراة التنمية ، نظريات التنمية و التنمية الادارية ، التخطيط التنموي و الاطار المؤسسي و التنظيمي للتنمية ، تمويل التنمية ، التنمية المحلية و التنمية في الاسلام و أخيرا قضايا تنموية متخصصة | ||
| 653 | _aالتخطيط التنموي | ||
| 653 | _aالتنمية | ||
| 653 | _aالتنمية الإدارية | ||
| 942 | _cكتاب | ||
| 999 |
_c44033 _d44033 |
||